Normal view
MARC view
Entry Personal Name
001 - CONTROL NUMBER
- control field: 43598
003 - CONTROL NUMBER IDENTIFIER
- control field: OSt
005 - DATE AND TIME OF LATEST TRANSACTION
- control field: 20240221155957.0
008 - FIXED-LENGTH DATA ELEMENTS
- fixed length control field: 240221|| aca||aabn | a|a d
040 ## - CATALOGING SOURCE
- Original cataloging agency: OSt
- Transcribing agency: OSt
100 ## - HEADING--PERSONAL NAME
- Personal name: Beveridge, Ross and Naumann, Matthias
670 ## - SOURCE DATA FOUND
- Source citation: Work cat.: (OSt)523579: Beveridge, Ross and Naumann, Matthias , Progressive urbanism in small towns: The contingencies of governing from the left
